000 00527nam a22001937a 4500
003 OSt
005 20180116183034.0
008 160209b xxu||||| |||| 00| 0 eng d
020 _a9781784152352
040 _c0
082 _a657 ACC 2015
100 _aKaplan Publishing
110 _aKaplan Publishing
245 _aACCA Paper P$ Advanced Financial Management (AFM)
260 _aUK
_bKaplan Publishing
_c2015
300 _a406p.
_bPB
440 _aACCA Paper P$ Advanced Financial Management (AFM)
942 _2ddc
_cBK
999 _c351120
_d351120